[Event "CYCC U14"]
[Site "Calgary CAN"]
[Date "2023.07.22"]
[Round "7.100"]
[White "Tian, Justin"]
[Black "Yen, Rafael"]
[Result "1-0"]
[WhiteElo "1132"]
[BlackElo "701"]
[PlyCount "54"]
[EventDate "2023.07.19"]
[EventType "swiss"]
[EventRounds "7"]
[EventCountry "CAN"]

1. e4 d5 2. exd5 Qxd5 3. Nc3 Qd6 4. Bc4 e6 5. Ne4 Qd4 6. d3 Bb4+ 7. c3 Bxc3+ 8.
bxc3 Qe5 9. Nf3 Qa5 10. O-O Nd7 11. Rb1 c6 12. Nd6+ Ke7 13. Ng5 Ne5 14. Nxc8+
Rxc8 15. Rxb7+ Ke8 16. Qb3 Nxc4 17. Nxf7 Qf5 18. Qxc4 Qxf7 19. Rxf7 Kxf7 20.
Re1 Nf6 21. Rxe6 Kg6 22. h3 c5 23. Qa6 Kf7 24. Bg5 Nd5 25. Rc6 Ra8 26. Qb7+ Nc7
27. Qxc7+ Kf8 1-0

[Event "CYCC U14"]
[Site "Calgary CAN"]
[Date "2023.07.22"]
[Round "7.101"]
[White "Leveille, Zachary"]
[Black "Zhu, Leon"]
[Result "1-0"]
[WhiteElo "1061"]
[BlackElo "653"]
[PlyCount "79"]
[EventDate "2023.07.19"]
[EventType "swiss"]
[EventRounds "7"]
[EventCountry "CAN"]

1. c4 e5 2. e3 Nf6 3. Nc3 Bc5 4. d4 exd4 5. exd4 Qe7+ 6. Be2 Bb6 7. Nf3 O-O 8.
O-O Qd8 9. a3 c6 10. Bg5 Re8 11. Re1 Re6 12. Bd3 h6 13. Bh4 d5 14. c5 Bc7 15.
Qc2 Nbd7 16. Rxe6 fxe6 17. Re1 Qe7 18. Ne5 Nf8 19. Ng6 Qd8 20. Re3 b6 21. b4 a5
22. h3 axb4 23. axb4 Ba6 24. Nxf8 Bxd3 25. Qxd3 Qxf8 26. Rxe6 Ne4 27. f3 Qf4
28. fxe4 Qxh4 29. exd5 Rf8 30. Qd2 Qg3 31. d6 Bd8 32. Qe3 Bh4 33. Qxg3 Bxg3 34.
d7 Bc7 35. Rxc6 Bd8 36. Rc8 bxc5 37. dxc5 Kf7 38. c6 Bb6+ 39. Kh1 Ke7 40. Nd5+
1-0

[Event "CYCC U14 w"]
[Site "Calgary CAN"]
[Date "2023.07.19"]
[Round "1.48"]
[White "Gao, Lucy"]
[Black "Xu, Hannah"]
[Result "1-0"]
[WhiteElo "1933"]
[BlackElo "1276"]
[PlyCount "49"]
[EventDate "2023.07.19"]
[EventType "swiss"]
[EventRounds "7"]
[EventCountry "CAN"]

1. e4 e6 2. d4 d5 3. Nc3 Nf6 4. Bg5 Be7 5. e5 Nfd7 6. Bxe7 Qxe7 7. f4 a6 8. Qg4
Rg8 9. Bd3 g6 10. Nf3 c5 11. dxc5 Nxc5 12. Nxd5 Nxd3+ 13. cxd3 Qd8 14. Nf6+ Ke7
15. Nxg8+ Qxg8 16. Qg5+ Ke8 17. Nd2 Nc6 18. Ne4 Kf8 19. Rc1 Kg7 20. Qf6+ Kf8
21. Qg5 Ne7 22. Rc7 Nd5 23. Nf6 Nxf6 24. exf6 b5 25. Qc5+ 1-0

[Event "CYCC U14 w"]
[Site "Calgary CAN"]
[Date "2023.07.19"]
[Round "1.49"]
[White "Hu, Jizhen"]
[Black "Jiang, Hancy"]
[Result "0-1"]
[WhiteElo "1230"]
[BlackElo "1831"]
[PlyCount "90"]
[EventDate "2023.07.19"]
[EventType "swiss"]
[EventRounds "7"]
[EventCountry "CAN"]

1. e4 c6 2. c3 d5 3. Bd3 Nf6 4. e5 Ng4 5. Nf3 e6 6. h3 Nh6 7. Bc2 c5 8. d4 Nc6
9. O-O Qb6 10. b3 cxd4 11. cxd4 Nf5 12. Bxf5 exf5 13. Nc3 Be6 14. Be3 Rc8 15.
Qe2 Be7 16. Na4 Qb4 17. Qd3 a6 18. Bd2 Qb5 19. Qxb5 axb5 20. Nc3 b4 21. Ne2 Kd7
22. Rac1 Ra8 23. Rc2 h6 24. Rd1 g5 25. Be1 Ra3 26. Nc1 Rha8 27. Nh2 f4 28. f3
Bf5 29. Rb2 h5 30. Bf2 Na7 31. Rdd2 Nb5 32. Nf1 Nc3 33. Kh2 Nb1 34. Re2 R3a6
35. g3 Nc3 36. Red2 Bb1 37. gxf4 gxf4 38. h4 Bxa2 39. Nxa2 Nxa2 40. Be1 Nc3 41.
Rd3 Ra1 42. Bxc3 bxc3 43. Rf2 R8a2 44. Kg2 Rxf2+ 45. Kxf2 c2 0-1

[Event "CYCC U14 w"]
[Site "Calgary CAN"]
[Date "2023.07.19"]
[Round "1.50"]
[White "Ambilwade, Ojal"]
[Black "Yang, Bella"]
[Result "1-0"]
[WhiteElo "1700"]
[BlackElo "1200"]
[PlyCount "77"]
[EventDate "2023.07.19"]
[EventType "swiss"]
[EventRounds "7"]
[EventCountry "CAN"]

1. c4 e5 2. Nc3 Nf6 3. Nf3 d6 4. e3 b6 5. d4 Nc6 6. d5 Ne7 7. e4 g6 8. h3 Bg7
9. Be3 a5 10. Bd3 Qd7 11. c5 bxc5 12. Bb5 c6 13. dxc6 Qc7 14. Qa4 O-O 15. Rd1
Ba6 16. Bxa6 Rxa6 17. Nb5 Qxc6 18. Rxd6 Qb7 19. Rxa6 Qxa6 20. Bxc5 Rc8 21. Be3
Nxe4 22. O-O Nc5 23. Bxc5 Rxc5 24. Nc3 Qc8 25. Rd1 Bf8 26. Qd7 Qxd7 27. Rxd7
Nf5 28. Ne4 Kg7 29. Nxc5 Bxc5 30. Nxe5 Kf6 31. Rd5 Bd4 32. Ng4+ Kg5 33. Rxa5
Bxb2 34. Ne3 Bc3 35. Rb5 Bf6 36. Nxf5 gxf5 37. a4 Bd4 38. h4+ Kg4 39. Rb4 1-0

[Event "CYCC U14 w"]
[Site "Calgary CAN"]
[Date "2023.07.19"]
[Round "1.51"]
[White "Roque, Alexa"]
[Black "Xie, Irene"]
[Result "0-1"]
[WhiteElo "1013"]
[BlackElo "1689"]
[PlyCount "148"]
[EventDate "2023.07.19"]
[EventType "swiss"]
[EventRounds "7"]
[EventCountry "CAN"]

1. d4 e6 2. c4 d5 3. Nf3 Nf6 4. Nc3 b6 5. Bg5 Be7 6. e3 Bb7 7. cxd5 Nxd5 8.
Bxe7 Qxe7 9. Be2 Nd7 10. O-O f5 11. Nd2 O-O 12. Bf3 N7f6 13. Re1 g5 14. h3 Qf7
15. Nc4 Nd7 16. Qd2 Kh8 17. e4 Nf4 18. Re3 h5 19. exf5 Bxf3 20. Rxf3 Qxf5 21.
Re1 h4 22. Ne5 Nf6 23. Nd3 N6h5 24. Re5 Qg6 25. Ne4 Rf5 26. Rxf5 Qxf5 27. Nxg5
Qxg5 28. Nxf4 Rg8 29. Kf1 Nxf4 30. Qxf4 Qxg2+ 31. Ke2 Qg5 32. Qf6+ Qxf6 33.
Rxf6 Rd8 34. Ke3 Rd6 35. Rh6+ Kg7 36. Rxh4 Rd5 37. Rg4+ Kf6 38. h4 Rb5 39. b3
Ra5 40. a4 Rh5 41. f4 a6 42. Kf3 b5 43. Rg5 Rxh4 44. axb5 a5 45. Rg4 Rh1 46.
Ke4 Rb1 47. Rg3 Ke7 48. Rc3 Kd7 49. Kd3 Kd6 50. Rc6+ Kd7 51. Rc3 Rh1 52. Kc2
Rf1 53. Kd3 Rxf4 54. Ke3 Rh4 55. Kd3 Rg4 56. Ke3 Rg5 57. Kd3 Rxb5 58. Kc2 Kd6
59. Kd2 Rd5 60. Rd3 c5 61. Kc3 cxd4+ 62. Rxd4 Rxd4 63. Kxd4 e5+ 64. Ke4 Ke6 65.
Ke3 Kd5 66. Kd3 e4+ 67. Ke3 Ke5 68. Ke2 Kd4 69. Kd2 e3+ 70. Ke2 Ke4 71. Ke1 Kd3
72. Kd1 Kc3 73. Ke2 Kxb3 74. Kxe3 a4 0-1

[Event "CYCC U14 w"]
[Site "Calgary CAN"]
[Date "2023.07.19"]
[Round "1.52"]
[White "Fiset, Anais Chloe"]
[Black "Inozemtseva, Milana"]
[Result "1-0"]
[WhiteElo "1652"]
[BlackElo "1007"]
[PlyCount "43"]
[EventDate "2023.07.19"]
[EventType "swiss"]
[EventRounds "7"]
[EventCountry "CAN"]

1. e4 e5 2. Nf3 Nc6 3. Bc4 Nf6 4. d3 d5 5. exd5 Nxd5 6. O-O Bg4 7. Re1 f6 8.
Nxe5 fxe5 9. Qxg4 Qd6 10. Bd2 Nf6 11. Qh3 Be7 12. Nc3 Na5 13. Nb5 Qb6 14. Bxa5
Qxa5 15. Rxe5 Qb6 16. Rae1 Kd8 17. Rxe7 Re8 18. Rxe8+ Nxe8 19. Qxh7 a6 20. Qe4
Nf6 21. Qe7+ Kc8 22. Be6+ 1-0

[Event "CYCC U14 w"]
[Site "Calgary CAN"]
[Date "2023.07.19"]
[Round "2.48"]
[White "Xie, Irene"]
[Black "Gao, Lucy"]
[Result "0-1"]
[WhiteElo "1689"]
[BlackElo "1933"]
[PlyCount "68"]
[EventDate "2023.07.19"]
[EventType "swiss"]
[EventRounds "7"]
[EventCountry "CAN"]

1. e4 c5 2. Nf3 g6 3. c4 Nc6 4. Nc3 Bg7 5. b3 Nf6 6. Bd3 O-O 7. Bb2 d6 8. O-O
Bg4 9. h3 Bd7 10. Ne1 Nh5 11. f4 Bd4+ 12. Kh2 e5 13. f5 Qg5 14. g4 Nf4 15. Rf3
h5 16. Rf1 Qh4 17. Qf3 hxg4 18. Qxg4 Qxg4 19. hxg4 Kg7 20. f6+ Kxf6 21. Nd5+
Kg7 22. Bxd4 Rh8+ 23. Kg1 Nh3+ 24. Kg2 Nxd4 25. Nf3 Ne6 26. Bc2 Nef4+ 27. Kg3
Ne2+ 28. Kg2 Nhf4+ 29. Kf2 Bxg4 30. Nxf4 Nxf4 31. Ng1 Rh2+ 32. Ke3 Rah8 33. Bd1
Bh3 34. Rf3 Ng2+ 0-1

[Event "CYCC U14 w"]
[Site "Calgary CAN"]
[Date "2023.07.19"]
[Round "2.49"]
[White "Jiang, Hancy"]
[Black "Fiset, Anais Chloe"]
[Result "1/2-1/2"]
[WhiteElo "1831"]
[BlackElo "1652"]
[PlyCount "66"]
[EventDate "2023.07.19"]
[EventType "swiss"]
[EventRounds "7"]
[EventCountry "CAN"]

1. d4 d5 2. Nf3 Nf6 3. Bf4 c5 4. e3 Nc6 5. c3 Bg4 6. Nbd2 e6 7. Bb5 cxd4 8.
Bxc6+ bxc6 9. cxd4 Bd6 10. Qa4 O-O 11. Qxc6 Bxf4 12. exf4 Bxf3 13. Nxf3 Qa5+
14. Qc3 Qxc3+ 15. bxc3 Ne4 16. Rc1 Rac8 17. c4 dxc4 18. Ke2 Rfd8 19. Rc2 Rd7
20. Ke3 Nd6 21. g4 f6 22. Rhc1 Kf7 23. Nd2 Rdc7 24. Rb1 c3 25. Rbc1 Nb5 26. Nb3
Rc4 27. Kd3 Ra4 28. Ke3 Rcc4 29. Nc5 Ra3 30. Ne4 Rxd4 31. Rb1 Raa4 32. f3 Rdb4
33. Rxb4 Rxb4 1/2-1/2

[Event "CYCC U14 w"]
[Site "Calgary CAN"]
[Date "2023.07.19"]
[Round "2.50"]
[White "Yang, Lucy"]
[Black "Ambilwade, Ojal"]
[Result "1/2-1/2"]
[WhiteElo "1368"]
[BlackElo "1700"]
[PlyCount "147"]
[EventDate "2023.07.19"]
[EventType "swiss"]
[EventRounds "7"]
[EventCountry "CAN"]

1. e4 c6 2. d4 d5 3. exd5 cxd5 4. Bd3 Nf6 5. h3 Nc6 6. c3 e6 7. Nf3 Bd6 8. Nbd2
O-O 9. O-O Bd7 10. Re1 Qc7 11. Bc2 Rac8 12. Qe2 h6 13. Rb1 Rfe8 14. Ne5 Nxd4
15. cxd4 Qxc2 16. Qf3 Bb4 17. Qe3 Bb5 18. a3 Bxd2 19. Bxd2 Qh7 20. f3 Nd7 21.
Nxd7 Bxd7 22. Rbc1 Bc6 23. Qb3 Qg6 24. Bf4 Qf5 25. Bg3 Qg5 26. Kh2 Qd8 27. Qb4
f6 28. f4 Kf7 29. Rc3 Qe7 30. Qxe7+ Rxe7 31. Rce3 g6 32. Bf2 Bd7 33. g4 Ree8
34. Bg3 Rc2+ 35. R3e2 Rec8 36. Kg2 Bb5 37. Rf2 Rxf2+ 38. Bxf2 Rc2 39. b4 Rc3
40. Ra1 Ba4 41. Kh2 f5 42. gxf5 exf5 43. h4 Bc2 44. Rc1 Rc4 45. Kg1 Bd3 46.
Rxc4 Bxc4 47. Kg2 Ke6 48. Kf3 Kd6 49. a4 Bd3 50. Ke3 Bc2 51. a5 Kc6 52. Be1 Kb5
53. Bd2 Kc4 54. Be1 b6 55. axb6 axb6 56. Bd2 b5 57. Be1 g5 58. hxg5 hxg5 59.
fxg5 f4+ 60. Kxf4 Kxd4 61. Kf3 Kc4 62. Ke3 Bg6 63. Ke2 Kd4 64. Kd2 Ke4 65. Ke2
d4 66. Kd2 Kf3 67. Kd1 d3 68. Bd2 Bf7 69. Ke1 Ke4 70. Bc3 Ke3 71. Bd2+ Kd4 72.
Kf2 Kc4 73. Ke3 Bg6 74. Be1 1/2-1/2

[Event "CYCC U14 w"]
[Site "Calgary CAN"]
[Date "2023.07.19"]
[Round "2.51"]
[White "Xu, Hannah"]
[Black "Roque, Alexa"]
[Result "1-0"]
[WhiteElo "1276"]
[BlackElo "1013"]
[PlyCount "153"]
[EventDate "2023.07.19"]
[EventType "swiss"]
[EventRounds "7"]
[EventCountry "CAN"]

1. d4 Nf6 2. Nf3 g6 3. Bf4 Bg7 4. e3 d6 5. Bd3 O-O 6. c3 Nh5 7. Bg3 Nxg3 8.
hxg3 e5 9. Nbd2 Be6 10. Nc4 Nc6 11. Be2 Ne7 12. Qc2 Nc6 13. Rd1 e4 14. Nfd2 f5
15. Na3 Ne7 16. Rc1 d5 17. b4 Qd6 18. Nb5 Qd7 19. a4 c6 20. Na3 Qd6 21. Rb1 g5
22. Nf1 f4 23. Qd2 Nf5 24. gxf4 gxf4 25. exf4 Nh6 26. g3 Bf5 27. Ne3 Qg6 28.
Bh5 Qe6 29. Be2 Rae8 30. Bh5 Bg6 31. Bxg6 Qxg6 32. Qe2 Nf5 33. Kd2 Qe6 34. Qh5
h6 35. Nac2 Nd6 36. Na3 Rf6 37. Qg4 Qf7 38. Rh2 Rg6 39. Qe2 Nf5 40. Nxf5 Qxf5
41. Ke3 Rf8 42. Rh5 Qf6 43. b5 Qe7 44. Nc2 Qc7 45. Rb3 cxb5 46. Qxb5 Rc6 47.
Qxd5+ Kh7 48. Kd2 Re8 49. Ne3 Ree6 50. Qf5+ Kg8 51. Qg4 Rg6 52. Qh4 Rb6 53.
Rhb5 Rgc6 54. Nd5 Rxb5 55. axb5 Qf7 56. bxc6 bxc6 57. Rb8+ Kh7 58. Nb4 a5 59.
Nxc6 Qc7 60. Qg4 Qxc6 61. Qf5+ Qg6 62. Qxg6+ Kxg6 63. Ra8 Kf5 64. Rxa5+ Kg4 65.
Ke3 Bf6 66. Kxe4 h5 67. c4 h4 68. gxh4 Bxh4 69. Rg5+ Bxg5 70. fxg5 Kxg5 71. Ke5
Kg4 72. c5 Kf3 73. c6 Kxf2 74. c7 Ke3 75. c8=Q Kd3 76. Kf4 Kxd4 77. Qe6 1-0

[Event "CYCC U14 w"]
[Site "Calgary CAN"]
[Date "2023.07.19"]
[Round "2.52"]
[White "Inozemtseva, Milana"]
[Black "Hu, Jizhen"]
[Result "0-1"]
[WhiteElo "1007"]
[BlackElo "1230"]
[PlyCount "96"]
[EventDate "2023.07.19"]
[EventType "swiss"]
[EventRounds "7"]
[EventCountry "CAN"]

1. e4 e5 2. Nf3 Nc6 3. Bc4 Bc5 4. Nc3 Nf6 5. d3 h6 6. Be3 Bxe3 7. fxe3 O-O 8.
Nd5 d6 9. h3 Be6 10. O-O a6 11. Nxf6+ Qxf6 12. Bb3 Qg6 13. Kh2 Rad8 14. c4 b5
15. cxb5 axb5 16. Rc1 Nb4 17. Rxc7 Nxa2 18. Bxa2 Bxa2 19. b3 Qf6 20. Nd2 Rc8
21. Rc2 Ra8 22. Rb2 Ra3 23. Qa1 Rfa8 24. Qd1 Kh7 25. d4 exd4 26. exd4 Rc8 27.
Qf3 b4 28. Qf5+ Qxf5 29. Rxf5 f6 30. Rf3 Rc3 31. Kg3 Kg6 32. Kf4 h5 33. h4 Kh6
34. Kf5 g5 35. hxg5+ fxg5 36. Nb1 Rxf3+ 37. gxf3 Rxb3 38. Rxa2 Rxb1 39. e5 dxe5
40. dxe5 h4 41. e6 b3 42. e7 bxa2 43. e8=Q Rb5+ 44. Qxb5 a1=Q 45. Qc6+ Kg7 46.
Qg6+ Kf8 47. Qxg5 Qa5+ 48. Kg4 Qxg5+ 0-1

[Event "CYCC U14 w"]
[Site "Calgary CAN"]
[Date "2023.07.20"]
[Round "3.48"]
[White "Gao, Lucy"]
[Black "Jiang, Hancy"]
[Result "0-1"]
[WhiteElo "1933"]
[BlackElo "1831"]
[PlyCount "76"]
[EventDate "2023.07.19"]
[EventType "swiss"]
[EventRounds "7"]
[EventCountry "CAN"]

1. e4 c6 2. Nf3 d5 3. Nc3 Bg4 4. h3 Bxf3 5. Qxf3 e6 6. Be2 Nf6 7. O-O Nbd7 8.
d4 dxe4 9. Nxe4 Be7 10. c3 Nxe4 11. Qxe4 Nf6 12. Qf3 O-O 13. Bd3 Qd5 14. Qg3
Bd6 15. Qh4 Qh5 16. Qxh5 Nxh5 17. f4 c5 18. Be3 cxd4 19. cxd4 Rad8 20. Rad1 Bb8
21. Rf3 Rd7 22. f5 e5 23. Bb5 Rd6 24. d5 Rc8 25. Rf2 Nf6 26. Rfd2 Ne4 27. Re2
Ng3 28. Rf2 a6 29. Ba4 Rf6 30. Bc2 h6 31. Kh2 e4 32. Kg1 Nxf5 33. Rxf5 Rxf5 34.
Bxe4 Re5 35. Rd4 Ba7 36. Rd3 Bxe3+ 37. Rxe3 Rce8 38. d6 Rxe4 0-1

[Event "CYCC U14 w"]
[Site "Calgary CAN"]
[Date "2023.07.20"]
[Round "3.49"]
[White "Fiset, Anais Chloe"]
[Black "Yang, Lucy"]
[Result "1-0"]
[WhiteElo "1652"]
[BlackElo "1368"]
[PlyCount "103"]
[EventDate "2023.07.19"]
[EventType "swiss"]
[EventRounds "7"]
[EventCountry "CAN"]

1. e4 c5 2. Nf3 Nc6 3. Bb5 g6 4. O-O Bg7 5. c3 a6 6. Ba4 Nf6 7. e5 Nd5 8. d4
cxd4 9. cxd4 O-O 10. Bb3 Nc7 11. Nc3 d6 12. exd6 Qxd6 13. Ne4 Qd8 14. d5 Ne5
15. Nxe5 Bxe5 16. f4 Bd6 17. Be3 Bf5 18. Nxd6 Qxd6 19. Qf3 Qd7 20. h3 h5 21.
Rfd1 Ne8 22. Rac1 Nd6 23. Bd4 f6 24. Re1 Rac8 25. Rcd1 Rce8 26. Re3 Rf7 27.
Rde1 Kf8 28. a4 b5 29. axb5 axb5 30. Ra1 Rc8 31. Ree1 Rh7 32. Ra7 Rc7 33. Rea1
Be4 34. Qd1 Nc4 35. Bxc4 bxc4 36. Rxc7 Qxc7 37. Qd2 Qd8 38. Ra5 Qb8 39. Bc5 Bd3
40. Qf2 Qd8 41. Bb4 Qb8 42. Qc5 Rf7 43. g3 Kg7 44. Ra7 Qe8 45. Qc6 Qxc6 46.
dxc6 e5 47. c7 Bf5 48. fxe5 fxe5 49. Bc3 Bxh3 50. Bxe5+ Kg8 51. Bd6 Rf1+ 52.
Kh2 {time} 1-0

[Event "CYCC U14 w"]
[Site "Calgary CAN"]
[Date "2023.07.20"]
[Round "3.50"]
[White "Ambilwade, Ojal"]
[Black "Xie, Irene"]
[Result "0-1"]
[WhiteElo "1700"]
[BlackElo "1689"]
[PlyCount "106"]
[EventDate "2023.07.19"]
[EventType "swiss"]
[EventRounds "7"]
[EventCountry "CAN"]

1. c4 e6 2. d4 d5 3. Nc3 Nf6 4. Nf3 b6 5. cxd5 exd5 6. Ne5 Bb7 7. Bf4 c6 8. e3
Nbd7 9. Bd3 g6 10. h3 Bg7 11. O-O O-O 12. Rc1 Re8 13. Nxd7 Qxd7 14. Be5 Nh5 15.
Bxg7 Kxg7 16. Be2 Nf6 17. Qd2 Re7 18. Bf3 Rd8 19. Qc2 Rde8 20. b4 h5 21. Ne2
Qd6 22. a3 Nh7 23. Nf4 Ng5 24. Be2 Ne6 25. Nxe6+ Qxe6 26. Rfe1 Qd6 27. Bf3 f5
28. g3 Qf6 29. Qd2 Qg5 30. Kh2 Rh8 31. Rg1 Qf6 32. Rg2 g5 33. Be2 Kf8 34. Rh1
Rg7 35. Kg1 Re7 36. Kf1 c5 37. bxc5 bxc5 38. Rgg1 f4 39. exf4 Rxe2 40. Kxe2
Ba6+ 41. Kd1 Kf7 42. fxg5 Qf3+ 43. Kc2 Kg7 44. Re1 Rb8 45. Qe3 Qf5+ 46. Kc3
cxd4+ 47. Qxd4+ Kg8 48. Re3 Rc8+ 49. Kd2 Qxf2+ 50. Kd1 Be2+ 51. Kd2 Bf1+ 52.
Kd1 Be2+ 53. Kd2 Bf3+ 0-1

[Event "CYCC U14 w"]
[Site "Calgary CAN"]
[Date "2023.07.20"]
[Round "3.51"]
[White "Hu, Jizhen"]
[Black "Xu, Hannah"]
[Result "1/2-1/2"]
[WhiteElo "1230"]
[BlackElo "1276"]
[PlyCount "68"]
[EventDate "2023.07.19"]
[EventType "swiss"]
[EventRounds "7"]
[EventCountry "CAN"]

1. e4 e6 2. d4 d5 3. Nd2 Nf6 4. e5 Nfd7 5. Bd3 c5 6. c3 Nc6 7. Ne2 Qb6 8. Nf3
c4 9. Bc2 Qc7 10. O-O b5 11. a3 Bb7 12. Bd2 Be7 13. Ng3 h6 14. h3 a5 15. Re1 a4
16. Nh2 O-O-O 17. Qf3 Rdf8 18. Be3 Na5 19. Nh5 g6 20. Ng3 Qd8 21. Rad1 Bg5 22.
Bxg5 Qxg5 23. Qg4 Qxg4 24. Nxg4 h5 25. Nh2 Nc6 26. Re3 Nb6 27. Nf3 Ne7 28. Ng5
Kd7 29. Nf3 Ke8 30. Rde1 Bc6 31. Ne2 Bd7 32. Nf4 Rfg8 33. h4 Rf8 34. Nh3 Ng8
1/2-1/2

[Event "CYCC U14 w"]
[Site "Calgary CAN"]
[Date "2023.07.20"]
[Round "3.52"]
[White "Roque, Alexa"]
[Black "Yang, Bella"]
[Result "1-0"]
[WhiteElo "1013"]
[BlackElo "1200"]
[PlyCount "73"]
[EventDate "2023.07.19"]
[EventType "swiss"]
[EventRounds "7"]
[EventCountry "CAN"]

1. d4 d5 2. c4 e6 3. Nf3 g6 4. Nc3 Nf6 5. Bg5 Be7 6. e3 h6 7. Bf4 Nc6 8. Nb5
Bb4+ 9. Nc3 g5 10. Be5 Nxe5 11. Nxe5 Bd7 12. a3 Bxc3+ 13. bxc3 Ne4 14. Qc2 f6
15. cxd5 exd5 16. Nxd7 Qxd7 17. c4 Qc6 18. Bd3 O-O-O 19. c5 g4 20. Qe2 h5 21.
Rc1 a6 22. O-O Rdg8 23. f3 Ng5 24. fxg4 h4 25. h3 Ne4 26. Bxe4 dxe4 27. Qf2 Rf8
28. Qf5+ Kb8 29. Rf4 Qa4 30. Qxe4 Qxa3 31. Rb1 c6 32. Qxc6 Qxe3+ 33. Kh1 Rf7
34. Rxf6 Rhh7 35. Re6 Qd3 36. Re8+ Ka7 37. Qb6# 1-0

[Event "CYCC U14 w"]
[Site "Calgary CAN"]
[Date "2023.07.20"]
[Round "4.48"]
[White "Jiang, Hancy"]
[Black "Xie, Irene"]
[Result "1-0"]
[WhiteElo "1831"]
[BlackElo "1689"]
[PlyCount "131"]
[EventDate "2023.07.19"]
[EventType "swiss"]
[EventRounds "7"]
[EventCountry "CAN"]

1. d4 e6 2. Nf3 Nf6 3. e3 b6 4. Nbd2 Bb7 5. Bd3 d5 6. b3 Nbd7 7. Bb2 Bd6 8. Ne5
c5 9. O-O cxd4 10. exd4 O-O 11. a3 Ne4 12. f3 Nxd2 13. Qxd2 f6 14. Nxd7 Qxd7
15. f4 Rfe8 16. Qe2 Qe7 17. Qh5 g6 18. Qe2 Qg7 19. Rae1 Re7 20. h4 Bc6 21. h5
Qh6 22. hxg6 hxg6 23. Qg4 f5 24. Qf3 Kf7 25. Bc1 Rh8 26. Kf2 Ree8 27. Ke2 Qh2
28. Kd1 Qh5 29. Be2 Qxf3 30. Bxf3 Rh4 31. Rh1 Reh8 32. g3 Rh3 33. Bg2 Rh2 34.
a4 Bb4 35. Ref1 Bc3 36. Be3 b5 37. axb5 Bxb5 38. Rxh2 Rxh2 39. Rg1 a5 40. Bf1
Bc6 41. Rg2 Rh1 42. Rg1 Rh2 43. Rg2 Rh8 44. Bd3 a4 45. bxa4 Bxa4 46. Ke2 Rb8
47. Rg1 Rb4 48. Rh1 Kg7 49. Rg1 Bxd4 50. Bxd4+ Rxd4 51. c3 Rxd3 52. Kxd3 Kf6
53. Kd4 Bb3 54. Rb1 Bc4 55. Rb6 Be2 56. Kc5 Bc4 57. Kd6 g5 58. fxg5+ Kxg5 59.
Ke5 Bd3 60. Rxe6 Be4 61. Kd6 Kg4 62. Rg6+ Kf3 63. Rg5 Ke3 64. Rxf5 Kd3 65. Rf4
Ke3 66. c4 1-0

[Event "CYCC U14 w"]
[Site "Calgary CAN"]
[Date "2023.07.20"]
[Round "4.49"]
[White "Gao, Lucy"]
[Black "Fiset, Anais Chloe"]
[Result "1-0"]
[WhiteElo "1933"]
[BlackElo "1652"]
[PlyCount "51"]
[EventDate "2023.07.19"]
[EventType "swiss"]
[EventRounds "7"]
[EventCountry "CAN"]

1. e4 c6 2. Nf3 d5 3. Nc3 dxe4 4. Nxe4 Nf6 5. Qe2 Nxe4 6. Qxe4 Nd7 7. Bc4 Nf6
8. Ne5 e6 9. Qe2 b5 10. Bd3 Bb7 11. b3 Qc7 12. Bb2 Bd6 13. f4 O-O 14. O-O-O Qe7
15. Kb1 Ba3 16. Ba1 a6 17. g4 c5 18. g5 Ne8 19. Bxh7+ Kxh7 20. Qh5+ Kg8 21. g6
Nf6 22. Qh4 fxg6 23. Nxg6 Qc7 24. Rhg1 Rae8 25. Qh8+ Kf7 26. Nxf8 1-0

[Event "CYCC U14 w"]
[Site "Calgary CAN"]
[Date "2023.07.20"]
[Round "4.50"]
[White "Xu, Hannah"]
[Black "Ambilwade, Ojal"]
[Result "0-1"]
[WhiteElo "1276"]
[BlackElo "1700"]
[PlyCount "68"]
[EventDate "2023.07.19"]
[EventType "swiss"]
[EventRounds "7"]
[EventCountry "CAN"]

1. d4 Nf6 2. Nf3 c6 3. Bf4 Qb6 4. Qc1 d6 5. e3 Bg4 6. Nbd2 Bxf3 7. Nxf3 Nbd7 8.
Be2 e6 9. c3 Be7 10. Qc2 Rc8 11. Qb3 Qc7 12. Nd2 e5 13. Bg5 exd4 14. exd4 d5
15. Bxf6 Nxf6 16. Nf3 Bd6 17. h3 b6 18. O-O O-O 19. Qc2 Rfe8 20. Rfe1 Ne4 21.
Nd2 f5 22. Nxe4 fxe4 23. Bg4 Rcd8 24. Re2 Qf7 25. Ree1 h5 26. Be2 Rf8 27. Bf1
Rde8 28. Rad1 Re6 29. Rd2 h4 30. Rde2 Rg6 31. Kh1 Qf4 32. g3 hxg3 33. fxg3 Qxg3
34. Rg2 Qxe1 0-1

[Event "CYCC U14 w"]
[Site "Calgary CAN"]
[Date "2023.07.20"]
[Round "4.51"]
[White "Yang, Lucy"]
[Black "Hu, Jizhen"]
[Result "1-0"]
[WhiteElo "1368"]
[BlackElo "1230"]
[PlyCount "51"]
[EventDate "2023.07.19"]
[EventType "swiss"]
[EventRounds "7"]
[EventCountry "CAN"]

1. e4 e5 2. Nf3 Nc6 3. Bb5 a6 4. Ba4 Nf6 5. d3 b5 6. Bb3 Be7 7. O-O d6 8. c3
O-O 9. h3 h6 10. Be3 Be6 11. Bc2 d5 12. exd5 Bxd5 13. Nbd2 Re8 14. Re1 Bf8 15.
Qb1 Bxf3 16. Nxf3 Rb8 17. a3 Nd5 18. Rf1 Nxe3 19. fxe3 Re6 20. Qe1 Bd6 21. Bb3
Re8 22. Nh4 Re7 23. Qf2 Qe8 24. Nf5 Rd7 25. Qg3 g6 26. Qxg6+ 1-0

[Event "CYCC U14 w"]
[Site "Calgary CAN"]
[Date "2023.07.20"]
[Round "4.52"]
[White "Yang, Bella"]
[Black "Inozemtseva, Milana"]
[Result "1-0"]
[WhiteElo "1200"]
[BlackElo "1007"]
[PlyCount "83"]
[EventDate "2023.07.19"]
[EventType "swiss"]
[EventRounds "7"]
[EventCountry "CAN"]

1. e4 e5 2. Nf3 Nc6 3. Bb5 Bc5 4. Nc3 d6 5. h3 Bd7 6. O-O Nf6 7. d3 h6 8. Ne2
a6 9. Ba4 Qe7 10. Bd2 O-O 11. Ng3 b5 12. Bb3 Rab8 13. Qc1 Nh7 14. Bd5 Nd4 15.
Nh2 c6 16. Bb3 Qh4 17. c3 Nxb3 18. axb3 Ra8 19. Kh1 Bxf2 20. Nf5 Bxf5 21. exf5
Bb6 22. Be1 Qe7 23. Bd2 Ng5 24. Nf3 f6 25. Nh4 Qd7 26. Ng6 Rf7 27. h4 Nh7 28.
Qd1 Nf8 29. Qg4 Kh7 30. Qh5 a5 31. Rf3 d5 32. Rh3 e4 33. d4 c5 34. Be3 cxd4 35.
cxd4 Rc8 36. g4 Kg8 37. Rf1 Nxg6 38. Qxg6 Kh8 39. g5 Bd8 40. gxh6 gxh6 41.
Qxh6+ Rh7 42. Qf8# 1-0

[Event "CYCC U14 w"]
[Site "Calgary CAN"]
[Date "2023.07.21"]
[Round "5.48"]
[White "Ambilwade, Ojal"]
[Black "Jiang, Hancy"]
[Result "1/2-1/2"]
[WhiteElo "1700"]
[BlackElo "1831"]
[PlyCount "80"]
[EventDate "2023.07.19"]
[EventType "swiss"]
[EventRounds "7"]
[EventCountry "CAN"]

1. e4 c6 2. d4 d5 3. f3 e6 4. c3 Nf6 5. Bd3 dxe4 6. fxe4 Nxe4 7. Nf3 Nf6 8. O-O
Nbd7 9. Bg5 h6 10. Bh4 Bd6 11. Nbd2 Qc7 12. Nc4 b6 13. Nxd6+ Qxd6 14. Bg3 Qe7
15. Ne5 Bb7 16. Qe2 c5 17. Bb5 O-O 18. Bc6 Nxe5 19. dxe5 Nd5 20. Bxb7 Qxb7 21.
Rae1 Ne7 22. Rf3 Ng6 23. Ref1 Rad8 24. h4 Qd5 25. h5 Ne7 26. Bh4 Rd7 27. Ra1
Nf5 28. Be1 Ne7 29. Bh4 Nc6 30. Bf6 Qd2 31. Qxd2 Rxd2 32. Rg3 g5 33. hxg6 fxg6
34. Rxg6+ Kf7 35. Rg7+ Ke8 36. Rc7 Rg8 37. Rxc6 Rgxg2+ 38. Kh1 Rh2+ 39. Kg1
Rdg2+ 40. Kf1 Rf2+ 1/2-1/2

[Event "CYCC U14 w"]
[Site "Calgary CAN"]
[Date "2023.07.21"]
[Round "5.49"]
[White "Yang, Lucy"]
[Black "Gao, Lucy"]
[Result "1-0"]
[WhiteElo "1368"]
[BlackElo "1933"]
[PlyCount "105"]
[EventDate "2023.07.19"]
[EventType "swiss"]
[EventRounds "7"]
[EventCountry "CAN"]

1. e4 c5 2. Nf3 g6 3. c3 Bg7 4. d4 cxd4 5. cxd4 d5 6. e5 Nc6 7. a3 Bg4 8. Nbd2
Qa5 9. Qb3 Rc8 10. Qb5 Bxf3 11. Qxa5 Nxa5 12. gxf3 Bh6 13. Rb1 e6 14. b4 Rxc1+
15. Rxc1 Bxd2+ 16. Kxd2 Nb3+ 17. Kd1 Nxc1 18. Kxc1 Ne7 19. Bd3 Nc6 20. Bb5 Ke7
21. Bxc6 Rc8 22. Kd2 Rxc6 23. f4 Kd7 24. h4 h5 25. Rc1 Rc4 26. Rxc4 dxc4 27. b5
Kc7 28. Kc3 b6 29. Kxc4 Kd7 30. d5 Ke7 31. d6+ Kd7 32. a4 Kd8 33. Kb4 Kd7 34.
a5 Kd8 35. axb6 axb6 36. Kc4 Kd7 37. Kd4 Kd8 38. Ke4 Kd7 39. f5 exf5+ 40. Kf4
Ke6 41. Kg5 Kd7 42. Kf6 Ke8 43. f4 g5 44. Kxg5 Kf8 45. Kxf5 Ke8 46. e6 f6 47.
Kxf6 Kd8 48. d7 Kc7 49. Ke7 Kb7 50. d8=Q Ka7 51. Qd7+ Ka8 52. Kd6 Kb8 53. e7
1-0